وسائل النقل في المستقبل / عبر الماء / (رقم التسجيلة. 139979)

تفاصيل مارك
000 -LEADER
fixed length control field 00595nam a22001817a 4500
005 - DATE AND TIME OF LATEST TRANSACTION
control field 20251108175702.0
008 - FIXED-LENGTH DATA ELEMENTS--GENERAL INFORMATION
fixed length control field 250721s2013 xx 000 0 ara d
082 14 - DEWEY DECIMAL CLASSIFICATION NUMBER
Classification number ط/387.2/بار
100 1# - MAIN ENTRY--PERSONAL NAME
Personal name باركر، ستيف
245 10 - TITLE STATEMENT
Title وسائل النقل في المستقبل / عبر الماء /
264 1# - PRODUCTION, PUBLICATION, DISTRIBUTION, MANUFACTURE, AND COPYRIGHT NOTICE
Place of production, publication, distribution, manufacture الرياض :
Name of producer, publisher, distributor, manufacturer الملك عبد العزيز للعلوم والتقنيه،
Date of production, publication, distribution, manufacture, or copyright notice 2013.
300 ## - PHYSICAL DESCRIPTION
Extent 32ص.
650 17 - SUBJECT ADDED ENTRY--TOPICAL TERM
Topical term or geographic name as entry element المواصلات
650 17 - SUBJECT ADDED ENTRY--TOPICAL TERM
Topical term or geographic name as entry element النقل البحري
653 ## - INDEX TERM--UNCONTROLLED
Uncontrolled term ناشئون صغار (10-14) سنوات
942 ## - ADDED ENTRY ELEMENTS (KOHA)
Source of classification or shelving scheme Dewey Decimal Classification
Koha item type كتب
المقتنيات
حالة السحب حالة الفقدان مصدر التصنيف حالة التلف غير قابل للإعارة المكتبة الرئيسية المكتبة الحالية موقع الرف تاريخ التزويد الرقم المتسلسل Total Checkouts رقم الإستدعاء الباركود تاريخ آخر ظهور تاريخ الفاتورة نوع المادة (كوها)
    Dewey Decimal Classification     المكتبة المركزية المكتبة المركزية الأطفال 28/07/2025 1711571   ط/387.2/بار PLD00452220 28/07/2025 28/07/2025 كتب
    Dewey Decimal Classification     مكتبة البشائر للأطفال مكتبة البشائر للأطفال الأطفال 11/10/2019 1711573   ط/387.2/بار PLD00471260 28/07/2025 11/10/2019 كتب
    Dewey Decimal Classification     مكتبة قتيبة للأطفال مكتبة قتيبة للأطفال الأطفال 11/10/2019 1711576   ط/387.2/بار PLD00471263 28/07/2025 11/10/2019 كتب
    Dewey Decimal Classification     مكتبة البراءة للأطفال مكتبة البراءة للأطفال الأطفال 11/10/2019 1711579   ط/387.2/بار PLD00471266 28/07/2025 11/10/2019 كتب
    Dewey Decimal Classification     مكتبة البيادر مكتبة البيادر الأطفال 11/10/2019 1711572   ط/387.2/بار PLD00471259 28/07/2025 11/10/2019 كتب
    Dewey Decimal Classification     مكتبة الراية الهاشمية للأطفال مكتبة الراية الهاشمية للأطفال الأطفال 11/10/2019 1711578   ط/387.2/بار PLD00471265 28/07/2025 11/10/2019 كتب
    Dewey Decimal Classification     مكتبة الياسمين للأطفال مكتبة الياسمين للأطفال الأطفال 11/10/2019 1711574   ط/387.2/بار PLD00471261 28/07/2025 11/10/2019 كتب
    Dewey Decimal Classification     مكتبة بدر للأطفال مكتبة بدر للأطفال الأطفال 11/10/2019 1711580   ط/387.2/بار PLD00471267 28/07/2025 11/10/2019 كتب
    Dewey Decimal Classification     مكتبة مؤتة مكتبة مؤتة الأطفال 11/10/2019 1711577   ط/387.2/بار PLD00471264 28/07/2025 11/10/2019 كتب
    Dewey Decimal Classification     مكتبة مرج الحمام مكتبة مرج الحمام الأطفال 11/10/2019 1711575   ط/387.2/بار PLD00471262 28/07/2025 11/10/2019 كتب
Implemented & Customized by: BBB with SCIT (Smart Chains for Information Technology)

Powered by Koha